000 01164nam a2200289 4500
003 MX-MxINE
005 20260530115322.0
008 260520b2016 si a|||| |||| 00| 0 eng d
020 _a9789814385626
040 _aICI
_bspa
_cICI
_erda
041 _aeng
050 _aNA1547.5.S5
_bN87 2016
100 1 _aSNG SIOK AI
_eeditor
_934620
245 _a NUS Baba House:
_bArchitecture and artefacts of a straits chinese home /
_cSNG SIOK AI
264 _aSingapore :
_bNational Heritage Board,
_c2016
300 _a144 páginas :
_bilustarciones
336 _2rdacontent
_atexto
337 _2rdamedia
_asin medio
338 _2rdacarrier
_avolumen
500 _aPublicación sobre la conservación y patrimonio cultural de la casa Baba de la National University of Singapore.
520 _aObra dedicada a la historia, arquitectura interior y patrimonio cultural de la NUS Baba House, representativa de la cultura Peranakan en Singapur.
610 _aNUS Baba House (Singapore)
_934621
650 _aHistoric houses
_xSingapore
_934622
650 _aPeranakan (Asian people)
_934623
650 _aInterior decoration
_xSingapore.
_934624
942 _2lcc
_n1
_cBK
999 _c13836
_d13836